| 000 | 00808nam a2200229 a 4500 | ||
|---|---|---|---|
| 001 | BRCA_610 | ||
| 005 | 20190320203101.0 | ||
| 008 | 790929s1972----mx-a---###---#000-0#spa-# | ||
| 040 |
_aDLC _cViFGM _dDLC |
||
| 050 | 4 |
_aN5300 _b.F44 1972 |
|
| 100 | 1 |
_aFaure, Elie _d1873-1937 _92082 |
|
| 245 | 1 | 0 |
_aHistoria del arte _cElie Faure ; traducción de Francisco Cazorla Olmo y R. S. Torroella. |
| 260 |
_aMéxico _bHermes _c1972 |
||
| 300 |
_a5 v. _bil. _c16 cm. |
||
| 500 | _aTraducción de: Histoire de l´art | ||
| 505 | 0 | _aContenido: v. 1. Arte antiguo. -- v. 2. Arte medieval. -- v. 3. Arte del renacimiento. -- v. 4 Arte moderno I. -- v. 5. Arte moderno II | |
| 650 | 1 | 4 |
_aArte _xHistoria _92083 |
| 700 | 1 |
_aCazorla Olmo, Francisco _92084 |
|
| 700 | 1 |
_aTorroella, R. S _92085 |
|
| 902 | _aREF | ||
| 942 |
_2lcc _cB |
||
| 999 |
_c536 _d536 |
||